|
|
|
|
| LEADER |
00000naa a2200000uu 4500 |
| 001 |
vtls010949553 |
| 003 |
SK-MaSNL |
| 005 |
20260302142206.0 |
| 008 |
220810|1997 xo |||||||||||||||||cze| |
| 015 |
|
|
|a SNBRA
|
| 035 |
|
|
|a (urnnbn)urn:nbn:sk:snk:ar-a0bijd
|
| 035 |
|
|
|a (uuid)f38540af-6f6b-449b-b2fd-e400573501c7
|
| 035 |
|
|
|a urn:nbn:sk:snk-aaualx
|
| 040 |
|
|
|a SNKBUCL
|b slo
|c SNKBUCL
|e AACR2
|
| 041 |
0 |
|
|a cze
|
| 044 |
|
|
|a xo
|c SK
|
| 100 |
1 |
|
|a Soukup, Karel,
|d 1973-
|4 aut
|9 247206
|
| 245 |
1 |
0 |
|a VYUŽITÍ PETRIHO SÍTĚ PRO MODELOVÁNÍ DISKRÉTNÍCH PROCESŮ
|c Karel Soukup
|
| 773 |
0 |
|
|t 11th conference Process control '97
|d Bratislava : Slovak University of Technology, 1997
|g S. 34-38
|z 802270959X
|
| 954 |
|
|
|a odborná, vedecká literatúra cudzojazyčná (svetová)
|2 lita
|
| 958 |
|
|
|a OND
|
| 958 |
|
|
|a article11
|
| 958 |
|
|
|a chapter
|
| 999 |
|
|
|c 1338366
|d 1340296
|